00426nam a2200169Ia 4500003000400000005001700004008004100021020001500062050002500077100002200102245004300124260003500167300003300202440000600235521000700241526000800248OSt20140313130702.0140130s9999 xx 000 0 und d a0439430119 aPZ 7b.P75186Mn 2003 aPolacco, Patricia aMr. Lincoln's way /cPatricia Polacco. bScholastic,c2003.anew York : a38 p. :bcol. ill. ;c28 cm. v1 aG2 c450